| 000 | 00616nam a22001817a 4500 | ||
|---|---|---|---|
| 999 |
_c188329 _d188329 |
||
| 005 | 20220518173819.0 | ||
| 010 | _aENG-132677 | ||
| 020 |
_a9789389624632 _c250.00 |
||
| 035 | _aEN-116209 | ||
| 037 | _bDBAD/PUB | ||
| 082 | _a887 | ||
| 100 | _aDatta, Karuna Mathur | ||
| 245 |
_aMy Sleep Diary: _bReflections Within and beyond/ _cKaruna Mathur Datta |
||
| 260 |
_aPune _bVishwakarma Publications _c2020 |
||
| 270 |
_a34A/1, Suyog Center, 7th Floor, Gultekadi Marketyard Road, Giridhar Bhavan Chowk _bPune _minfo@vpindia.co.in _e411037 |
||
| 300 |
_a104p. _c22cm(hbk) |
||
| 942 |
_2ddc _cEN _h887 _mDAT |
||